El diario de satanás y otros cuentos (Registro nro. 67952)
[ vista simple ]
| 000 -LÍDER | |
|---|---|
| Campo fijo de descripción fija | 01533nam a2200193 i 4500 |
| 001 - NÚMERO DE CONTROL | |
| Campo de control | 768714001 |
| 003 - IDENTIFICADOR DEL NÚMERO DE CONTROL | |
| Campo de control | CO-MdFUSB |
| 005 - FECHA Y HORA DE LA ULTIMA TRANSACCIÓN | |
| control field | 20221125152604.0 |
| 008 - ELEMENTOS DE LONGITUD FIJA -- INFORMACIÓN GENERAL | |
| Campo fijo de descripción fija -- Información general | 220603t1984 ck |||| |||| 00| 0 spa d |
| 040 ## - FUENTE DE CATALOGACIÓN | |
| Idioma de catalogación | spa |
| Agencia que realiza la transcripción | CO-MdFUSB |
| Agencia que realiza la modificación | CO-MdFUSB |
| 041 ## - CÓDIGO DE IDIOMA | |
| Código de idioma para texto/pista de sonido o título separado | spa |
| 100 ## - ASIENTO PRINCIPAL--NOMBRE PERSONAL | |
| Nombre personal | Andrèiev, Leonid, |
| Término relacionador | autor |
| 245 #3 - TÍTULO | |
| Título | El diario de satanás y otros cuentos |
| Mención de responsabilidad | / Leonid Andrèiev |
| 300 ## - DESCRIPCIÓN FÍSICA | |
| Extensión | Volumen 4, (1984) páginas 497-659 |
| Dimensiones | ; 22 cm |
| 520 ## - NOTA DE RESUMEN, ETC. | |
| Nota de sumario, etc. | Cansado de la monotonía que le supone regir el Infierno, Satanás decide encarnarse en una persona y representar el papel del suplantado en que él mismo ve como una comedia: la vida. No elige a un individuo normal y corriente; sino que pone su objetivo en el adinerado Henry Wandergood, un empresario norteamericano oriundo de Illinois, de 38 años. Hizo su fortuna, valorada en tres mil millones de dólares, en la incipiente industria alimentaria.<br/><br/>El objetivo de Satanás es divertirse haciendo lo que mejor se le da: mentir y jugar con las pasiones humanas. Para tal fin, se dirige a nada menos que a Roma, con la idea de donar toda su fortuna a la beneficencia. ¿Quién podría esperar tal acto de un empresario de éxito? Desde el principio reflexiona sobre la naturaleza del ser humano y se queja de lo simple que es su lenguaje y su propia existencia, la cual solo se mide entre el nacimiento y la muerte.<br/><br/> |
| 653 ## - TÉRMINO DE INDIZACIÓN - NO CONTROLADO | |
| Término no controlado | Literatura Rusa |
| 773 0# - ASIENTO DE ITEM FUENTE | |
| Biblionumber | 67924 |
| Itemnumber | 81130 |
| Asiento principal | Oveja Negra, |
| Otro identificador del ítem | 24693 |
| Título | Maestros de la literatura universal |
| Número de control del registro | (CO-MdFUSB)768714001 |
| International Standard Book Number | 8482806718 |
| 942 ## - TIPO DE MATERIAL (KOHA) | |
| Tipo de Item KOHA | Libros General |
No hay ítems disponibles.
